<?xml version="1.0" encoding="UTF-8"?>
<record
    xmlns:xsi="http://www.w3.org/2001/XMLSchema-instance"
    xsi:schemaLocation="http://www.loc.gov/MARC21/slim http://www.loc.gov/standards/marcxml/schema/MARC21slim.xsd"
    xmlns="http://www.loc.gov/MARC21/slim">

  <leader>00669nam a22002057a 4500</leader>
  <controlfield tag="005">20251208115328.0</controlfield>
  <datafield tag="010" ind1=" " ind2=" ">
    <subfield code="a">DEC24SC ENG-142964 ENG-147297</subfield>
  </datafield>
  <datafield tag="020" ind1=" " ind2=" ">
    <subfield code="a">9789358704334</subfield>
    <subfield code="c">300.00</subfield>
  </datafield>
  <datafield tag="035" ind1=" " ind2=" ">
    <subfield code="a">EN-126496</subfield>
  </datafield>
  <datafield tag="035" ind1=" " ind2=" ">
    <subfield code="a">EN-130829</subfield>
  </datafield>
  <datafield tag="037" ind1=" " ind2=" ">
    <subfield code="b">DBAD</subfield>
  </datafield>
  <datafield tag="082" ind1=" " ind2=" ">
    <subfield code="a">510</subfield>
    <subfield code="2">2</subfield>
  </datafield>
  <datafield tag="100" ind1=" " ind2=" ">
    <subfield code="a">Aditya Ranjan Sir</subfield>
    <subfield code="9">85896</subfield>
  </datafield>
  <datafield tag="245" ind1=" " ind2=" ">
    <subfield code="a"> SSC Maths CGL Warrior/</subfield>
    <subfield code="c">By Aditya Ranjan Sir</subfield>
  </datafield>
  <datafield tag="250" ind1=" " ind2=" ">
    <subfield code="a">2</subfield>
  </datafield>
  <datafield tag="260" ind1=" " ind2=" ">
    <subfield code="a">New Delhi</subfield>
    <subfield code="b">S Chand and Company Limited</subfield>
    <subfield code="c">2024</subfield>
  </datafield>
  <datafield tag="270" ind1=" " ind2=" ">
    <subfield code="a"> A-27, 2nd Floor, Mohan Co-operative Industrial Estate</subfield>
    <subfield code="b">New Delhi</subfield>
    <subfield code="e">110044</subfield>
    <subfield code="m">info@schandpublishing.com</subfield>
    <subfield code="k">011-49731800</subfield>
  </datafield>
  <datafield tag="300" ind1=" " ind2=" ">
    <subfield code="a">317p.</subfield>
    <subfield code="c">26cm(pb)</subfield>
  </datafield>
  <datafield tag="942" ind1=" " ind2=" ">
    <subfield code="2">ddc</subfield>
    <subfield code="c">EN</subfield>
    <subfield code="h">510</subfield>
    <subfield code="m">RAN</subfield>
    <subfield code="e">1</subfield>
  </datafield>
  <datafield tag="999" ind1=" " ind2=" ">
    <subfield code="c">207618</subfield>
    <subfield code="d">207618</subfield>
  </datafield>
  <datafield tag="952" ind1=" " ind2=" ">
    <subfield code="0">0</subfield>
    <subfield code="1">0</subfield>
    <subfield code="4">0</subfield>
    <subfield code="7">0</subfield>
    <subfield code="8">NFIC</subfield>
    <subfield code="a">ZLS</subfield>
    <subfield code="b">ZLS</subfield>
    <subfield code="d">2024-12-11</subfield>
    <subfield code="e">Delivery of Books Division</subfield>
    <subfield code="g">300.00</subfield>
    <subfield code="l">0</subfield>
    <subfield code="o">510 RAN</subfield>
    <subfield code="p">EN-126496</subfield>
    <subfield code="r">2024-12-11 00:00:00</subfield>
    <subfield code="t">1</subfield>
    <subfield code="v">300.00</subfield>
    <subfield code="w">2024-12-11</subfield>
    <subfield code="y">EN</subfield>
  </datafield>
  <datafield tag="952" ind1=" " ind2=" ">
    <subfield code="0">0</subfield>
    <subfield code="1">0</subfield>
    <subfield code="4">0</subfield>
    <subfield code="7">0</subfield>
    <subfield code="8">NFIC</subfield>
    <subfield code="a">BN</subfield>
    <subfield code="b">BN</subfield>
    <subfield code="d">2025-12-08</subfield>
    <subfield code="e">Delivery of Books Act Division</subfield>
    <subfield code="g">300.00</subfield>
    <subfield code="l">4</subfield>
    <subfield code="m">6</subfield>
    <subfield code="o">510 RAN</subfield>
    <subfield code="p">EN-130829</subfield>
    <subfield code="q">2026-07-15</subfield>
    <subfield code="r">2026-05-22 16:45:59</subfield>
    <subfield code="s">2026-05-22</subfield>
    <subfield code="t">1</subfield>
    <subfield code="v">300.00</subfield>
    <subfield code="w">2025-12-08</subfield>
    <subfield code="y">EN</subfield>
  </datafield>
</record>
